NBA 2020-21 Top 5 Leaders in Every Major Category - Statistics

General Stats
  • This quiz has been taken 351 times
    217 since last reset
  • The average score is 17 of 30
Answer Stats
Category Average Player % Correct
PPG #3 29.7 Stephen Curry
98%
3PM #2 4.8 Stephen Curry
98%
APG #1 11.1 James Harden
88%
PPG #5 29.1 Giannis Antetokounmpo
87%
RPG #3 11.7 Giannis Antetokounmpo
87%
PPG #2 30.2 Joel Embiid
85%
RPG #4 11.6 Joel Embiid
85%
SPG #4 1.7 Nikola Jokic
79%
APG #5 9.0 Luka Doncic
77%
APG #4 9.0 Chris Paul
74%
PPG #1 32.9 Bradley Beal
73%
PPG #4 29.4 Damian Lillard
73%
3PM #3 4.2 Damian Lillard
73%
RPG #2 13.1 Rudy Gobert
71%
BPG #2 2.7 Rudy Gobert
71%
APG #2 9.8 Russell Westbrook
70%
APG #3 9.4 Trae Young
61%
RPG #1 14.2 Clint Capela
51%
BPG #3 2.2 Clint Capela
51%
BPG #1 3.4 Myles Turner
45%
3PM #4 3.9 Buddy Hield
37%
SPG #5 1.6 LaMelo Ball
36%
3PM #5 3.5 Zach LaVine
36%
SPG #2 1.8 Jrue Holiday
33%
3PM #1 4.8 CJ McCollum
25%
SPG #3 1.7 Fred VanVleet
19%
SPG #1 2.0 T.J. McConnell
16%
BPG #4 2.0 Nerlens Noel
9%
RPG #5 11.6 Enes Kanter
8%
BPG #5 2.0 Chris Boucher
4%
No matching quizzes found
Score Distribution
Percent of People with Each Score
Percentile by Number Answered
Your Score History
You have not taken this quiz since the last reset